000 00617nam a2200193 a 4500
005 20230128063843.0
008 030129s1989 es r 000 0 spa d
020 _a8433104608
035 _aUPN01000121708
049 _aCG
050 4 _aLC1048 P4.7
_bS4.3
100 1 _aSerrano García, Gabriel de
245 1 0 _aAcción tutorial en grupo :
_bplan básico de actuación de tutores /
_cGabriel de Serranos García, Angel Olivas Bravo.
260 _aMadrid :
_bEscuela Española,
_c1989.
300 _a257 p.
650 2 _aOrientación estudiantil
_923205
700 1 _aOlivas Bravo, Angel,
_ecoaut.
905 _aLibro
999 _c93921
_d93921